000 00655nam a2200229Ia 4500
003 OSt
005 20220928125747.0
006 a|||||r|||| 00| 0
007 ta
008 220927b |||||||| |||| 00| 0 eng d
024 _a37139
037 _cTextual
040 _aSDCL
_cSDCL
_beng
041 _2eng
_aeng
082 _aV2:51'N4<L6, M4
100 _aRay Nitish Ranjan
_9471495
245 0 _aChallenge
_b A saga of India's struggle for freedom
260 _aNew Delhi
_bPeople's Publishing House
_c1984
300 _axviii,622p
_ccm.
942 _hV2:51'N4<L6, M4
_cTEXL
_2CC
999 _c784050
_d784050